Les aventures de Télémaque: suivies des aventures d' Aristonoüs

Spremljeno u:
Bibliografski detalji
Glavni autor: Fenelon, Francisco de Salignac (Autor)
Format: Knjiga
Jezik:francuski
Izdano: París Garnier Frères 1881
Teme:
Oznake: Dodaj oznaku
Bez oznaka, Budi prvi tko označuje ovaj zapis!

MARC

LEADER 00000nam a2200000 a 4500
001 UCH2442
003 CL-VaPUC
008 090611e18810000FR |||||||||||||||||fre|d
082 0 4 |a 843  |b FEN  |2 21 
100 0 |a Fenelon, Francisco de Salignac  |e author  |9 354999 
245 1 4 |a Les aventures de Télémaque: suivies des aventures d' Aristonoüs 
300 |a 496 p 
942 |c BK 
945 |d 20090611 00:00:00  |a dcastane 
260 |a París  |b Garnier Frères  |c 1881 
650 0 |a Novela francesa  |9 264985 
650 0 |a Literatura francesa  |9 266330 
583 |a last modification  |c 20090611 00:00:00  |k Rodrigo Vera 
999 |c 334182  |d 334180 
952 |0 0  |1 0  |4 0  |6 843_000000000000000_FEN_1881  |7 0  |8 X  |9 423018  |a FDOBUD  |b FDOBUD  |d 2019-11-22  |i 4555651  |o 843 FEN 1881  |p 4555651  |r 2019-11-22  |w 2019-11-22  |y BK_X  |k BUD